Assaig sobre el clima de Tarragona : resum climatològic de les observacions fetes durant el període 1904-1933 / per Joan Ras Claravalls resum climatològic de les observacions fetes durant el període 1904-1933 / per Joan Ras Claravalls
Descripción Física:
32 p. ; 23 cm
Colección:
Notes d'estudi ; 62
Otros Autores:
Servei Meteorològic de Catalunya
MARC
| LEADER | 00000nam a2200000Ia 4500 | ||
|---|---|---|---|
| 001 | 20358 | ||
| 008 | 160829s1936 xx 000 0 cat d | ||
| 080 | |a 4614, exp. 13 | ||
| 100 | |a Ras Claravalls, Joan |9 48418 | ||
| 245 | |a Assaig sobre el clima de Tarragona : |b resum climatològic de les observacions fetes durant el període 1904-1933 / per Joan Ras Claravalls | ||
| 260 | |a Barcelona : |b Generalitat de Catalunya : |b Servei Meteorològic de Catalunya, |c 1936 | ||
| 300 | |a 32 p. ; |c 23 cm | ||
| 490 | |a Notes d'estudi ; 62 | ||
| 650 | |a Climatologia |x Tarragona (Província) |9 48419 | ||
| 650 | |a Tarragona |x Clima |9 48420 | ||
| 700 | |a Servei Meteorològic de Catalunya |9 35488 | ||
| 710 | 1 | |a Catalunya. |b Generalitat |9 12125 | |
| 901 | |a Arxiu | ||
| 942 | |n 1 | ||
| 952 | |0 0 |1 0 |4 0 |6 4614_EXP_13 |7 1 |9 54533 |a Arxiu |b Arxiu |d 2016-12-01 |l 0 |o 4614, exp. 13 |p 20358 |r 2016-12-01 00:00:00 |w 2016-12-01 |y ARXIU | ||
| 999 | |c 58402 |d 58402 | ||